| 000 | 00780cam a22002413a 4500 | ||
|---|---|---|---|
| 001 | 22117 | ||
| 003 | PGUSA | ||
| 005 | 20140828083454.0 | ||
| 008 | 070722s2007||||xxu|||||s|||||000 | eng d | ||
| 040 |
_aPGUSA _beng |
||
| 042 | _adc | ||
| 050 | 4 | _aDS | |
| 100 | 1 |
_aLandor, Arnold Henry Savage, _d1865-1924 |
|
| 245 | 1 | 0 |
_aAcross Coveted Lands ; _bor, a Journey from Flushing (Holland) to Calcutta Overland _h[electronic resource] / _cArnold Henry Savage Landor |
| 260 |
_bProject Gutenberg, _c2007 |
||
| 506 | _aPublic domain in the USA. | ||
| 516 | _aElectronic text | ||
| 653 | _aIran -- Description and travel | ||
| 653 | _aAsia, Central -- Description and travel | ||
| 830 | 0 |
_aProject Gutenberg _v22117 |
|
| 856 | 4 | 0 | _uhttp://www.gutenberg.org/ebooks/22117 |
| 942 | _cEB | ||
| 999 |
_c251372 _d251372 |
||